Observations on the importance of the American revolution and the means of making it a benefit to the world : (Record no. 125875)
[ view plain ]
| 000 -LEADER | |
|---|---|
| fixed length control field | 01484cam a2200337 a 4500 |
| 001 - CONTROL NUMBER | |
| control field | 5859795 |
| 003 - CONTROL NUMBER IDENTIFIER | |
| control field | ARRUPE |
| 005 - DATE AND TIME OF LATEST TRANSACTION | |
| control field | 20161206092509.0 |
| 008 - FIXED-LENGTH DATA ELEMENTS--GENERAL INFORMATION | |
| fixed length control field | 760322s1785 enk 000 0 eng |
| 010 ## - LIBRARY OF CONGRESS CONTROL NUMBER | |
| LC control number | 04020428 |
| 035 ## - SYSTEM CONTROL NUMBER | |
| System control number | (OCoLC)2062059 |
| 040 ## - CATALOGING SOURCE | |
| Original cataloging agency | DLC |
| Transcribing agency | DLC |
| Modifying agency | DLC |
| Description conventions | dcrb |
| 041 1# - LANGUAGE CODE | |
| Language code of text/sound track or separate title | eng |
| -- | eng |
| Language code of original and/or intermediate translations of text | fre |
| 043 ## - GEOGRAPHIC AREA CODE | |
| Geographic area code | n-us--- |
| 050 00 - LIBRARY OF CONGRESS CALL NUMBER | |
| Classification number | E211 |
| Item number | .P947 |
| 051 ## - LIBRARY OF CONGRESS COPY, ISSUE, OFFPRINT STATEMENT | |
| Classification number | E211 |
| Item number | .B99 Copy 3 |
| Copy information | LC copy with: Valens. The letters of Valens. London : Printed for J. Almon, 1777. Bound together subsequent to publication. |
| 300 ## - PHYSICAL DESCRIPTION | |
| Dimensions | 20 cm. (8vo) |
| 100 1# - MAIN ENTRY--PERSONAL NAME | |
| Personal name | Price, Richard, |
| Dates associated with a name | 1723-1791. |
| 9 (RLIN) | 27941 |
| 245 10 - TITLE STATEMENT | |
| Title | Observations on the importance of the American revolution and the means of making it a benefit to the world : |
| Remainder of title | to which is added, A letter from M. Turgot ... with an appendix, containing a translation of the will of M. Fortuné Ricard, lately published in France / |
| Statement of responsibility, etc | by Richard Price ... |
| 260 ## - PUBLICATION, DISTRIBUTION, ETC. (IMPRINT) | |
| Place of publication, distribution, etc | Marston Gate : |
| Name of publisher, distributor, etc | Amazon |
| 300 ## - PHYSICAL DESCRIPTION | |
| Extent | viii, 156 p. ; |
| 500 ## - GENERAL NOTE | |
| General note | Published originally in Dublin, 1785. |
| 510 4# - CITATION/REFERENCES NOTE | |
| Name of source | ESTC |
| Location within source | T12991 |
| 546 ## - LANGUAGE NOTE | |
| Language note | The letter from Turgot is in French and English. |
| 651 #0 - SUBJECT ADDED ENTRY--GEOGRAPHIC NAME | |
| Geographic name | United States |
| General subdivision | Politics and government |
| Chronological subdivision | 1775-1783. |
| 9 (RLIN) | 27942 |
| 700 1# - ADDED ENTRY--PERSONAL NAME | |
| Personal name | Turgot, Anne-Robert-Jacques, |
| Titles and other words associated with a name | baron de l'Aulne, |
| Dates associated with a name | 1727-1781. |
| 9 (RLIN) | 27943 |
| 700 1# - ADDED ENTRY--PERSONAL NAME | |
| Personal name | Mathon de La Cour, Charles-Joseph, |
| Dates associated with a name | 1738-1793. |
| 9 (RLIN) | 27944 |
| 906 ## - LOCAL DATA ELEMENT F, LDF (RLIN) | |
| a | 7 |
| b | cbc |
| c | premver |
| d | 1 |
| e | ncip |
| f | 19 |
| g | y-genrareb |
| 942 ## - ADDED ENTRY ELEMENTS (KOHA) | |
| Source of classification or shelving scheme | Library of Congress Classification |
| Koha item type | Monograph ( Printed materials) |
| Withdrawn status | Lost status | Source of classification or shelving scheme | Damaged status | Not for loan | Collection code | Home library | Current library | Shelving location | Date acquired | Total Checkouts | Full call number | Barcode | Date last seen | Price effective from | Koha item type |
|---|---|---|---|---|---|---|---|---|---|---|---|---|---|---|---|
| Library of Congress Classification | Main Collection | ARRUPE LIBRARY | ARRUPE LIBRARY | Main Collection | 06/12/2016 | E211 .P946 | 46500020870 | 13/12/2017 | 06/12/2016 | Monograph ( Printed materials) |